[Event "Los Angeles"]
[Site "Los Angeles"]
[Date "2003.08.22"]
[Round "5"]
[White "Yudasin, Leonid"]
[Black "Khachiyan, Melikset"]
[Result "1-0"]
[WhiteElo "2558"]
[BlackElo "2473"]
[Annotator "Psakhis,L"]
[PlyCount "57"]
[EventDate "2003.08.18"]
[EventType "tourn"]
[EventRounds "9"]
[EventCountry "USA"]
[EventCategory "10"]
[SourceTitle "CBM 097"]
[Source "ChessBase"]
[SourceDate "2003.11.11"]
[SourceVersion "1"]
[SourceVersionDate "2003.11.11"]
[SourceQuality "1"]

1. e4 c5 2. Nf3 d6 3. Bc4 {Leonid Yudasin likes this modest line and uses it
with big success.} Nc6 4. c3 Nf6 5. d3 g6 ({Worth considering was} 5... e6 $5
6. Bb3 Be7 {with the possible continuation} 7. O-O O-O 8. Re1 b5 9. a3 Bb7 10.
Bg5 Rc8 11. Nbd2 Qb6 12. h3 Rfe8 13. Qe2 Ne5 14. Nxe5 dxe5 15. a4 a6 16. Bc2
Bc6 17. Be3 Qc7 $13 {1-0 Yudasin,L-Shahade,G/New York Mayor's Cup 2001/ (51)})
6. Bb3 Bg7 7. O-O O-O 8. h3 $5 (8. Re1 Bg4 $5 (8... b5 9. a3 Bg4 10. h3 Bxf3
11. Qxf3 c4 12. dxc4 Na5 13. Ba2 bxc4 14. Nd2 Qc7 15. Qe2 Rfc8 16. e5 dxe5 17.
Qxe5 e6 18. Rb1 Rab8 19. Nf3 Qxe5 20. Nxe5 Nd5 21. Re4 Nb3 {1/2-1/2 Yudasin,
L-Greenfeld,A/ISR t-ch 2000 (50)}) (8... e5 9. Nbd2 h6 10. Nf1 Rb8 11. h3 b5
12. Ng3 Nd7 13. Be3 Nb6 14. d4 c4 15. Bc2 Qc7 16. Qd2 Kh7 17. Rad1 Rd8 18. Qc1
Nd7 19. Nh2 Ne7 20. f4 Ba6 21. Rf1 Rf8 22. a3 $14 {1-0 Yudasin,L-Anderson,R/
USA op Los Angeles 2003/The Week in Chess 458 (40)}) 9. h3 Bxf3 10. Qxf3 b5 11.
Be3 Nd7 12. Nd2 Rb8 13. Rac1 Na5 14. d4 b4 15. Qe2 bxc3 16. bxc3 Qc7 17. Rb1
Rfc8 18. Ba4 $1 $14 {1/2-1/2 Yudasin,L-Foygel,I/USA op Framingham 2001/ (33)})
8... e5 9. Re1 (9. Nbd2 h6 10. Re1 Be6 11. Bc2 d5 12. Ba4 Nd7 13. Nf1 Rc8 14.
exd5 Bxd5 15. Ne3 Nb6 16. Bc2 Qd6 17. Nxd5 Nxd5 18. Nd2 b5 19. Ne4 $14 {
1-0 Yudasin,L-Vigorito,D/Philadelphia National Congress 2000/ (38)}) 9... d5
10. Bg5 d4 11. Ba4 $5 {Although the position is more or less balanced, White
seems to have the easier play.} (11. cxd4 cxd4 12. Nbd2 h6 13. Bh4 Qe7 14. Ba4
$1 Nb8 15. Nc4 g5 16. Bg3 Nfd7 17. Rc1 a6 18. Bb3 $36 {Vitor,A-Fernandes,A/
POR-ch Lisboa 2003/0-1 (36)}) 11... h6 $146 (11... Qc7 12. Bxc6 bxc6 13. cxd4
cxd4 14. Na3 Nd7 15. Rc1 Nb6 16. Rc5 f6 17. Bd2 Bd7 18. Qc2 $14 {0-1 Totsky,
L-Lugovoi,A/St.Petersburg Petrov 1998 (42)}) 12. Bh4 Qb6 (12... Qd6 13. Bxc6
bxc6 14. Na3 $5) 13. Na3 $1 {We can consider that the opening has taken a
favourable turn for White.} Be6 (13... Qxb2 $4 14. Nc4 Qxc3 15. Rc1 Qb4 16. a3
$18) 14. Bxc6 bxc6 {[%csl Rc5,Rc6] Black's pawn formation is seriously
compromised on the queenside} (14... Qxb2 15. cxd4 bxc6 16. Bxf6 Bxf6 17. dxe5
Bxe5 18. Nxe5 Qxe5 19. Qc1 $5 $36) 15. Nxe5 (15. cxd4 $5 cxd4 16. Nxe5 Qxb2 17.
Nac4 $14) 15... Qxb2 16. Nac4 Qb5 (16... Qxc3 $2 17. Rc1 Qb4 18. Rb1 $18 {
[%csl Rb4]}) 17. Rb1 (17. Qf3 $5 g5 (17... Nh7 18. Be7 $1) 18. Bg3 dxc3 19.
Rac1 $36) 17... Qa6 18. Rb3 Qc8 (18... Rfb8 19. Ra3 Qb7 20. Bg3 $16 {[%csl Gc4,
Ge5,Gg3]}) 19. Bg3 (19. f4 $5) 19... Nd7 20. cxd4 cxd4 21. Nxd7 (21. Rb2 $14)
21... Qxd7 22. Qc2 {[%csl Gg3][%cal Ge1b1]} f5 23. exf5 ({Another promising
possibility was} 23. Bd6 $5 Rfe8 24. e5 {[%csl Gd6]}) 23... Rxf5 (23... gxf5
24. Bf4 $1) 24. Rb4 Rc5 $6 ({Black should have preferred} 24... Rb5 $142 $5 25.
Rxb5 $140 cxb5 26. Ne5 Qc8 $14) 25. Qa4 $1 {[%cal Rc4b6] Now White has a
technically winning position. Black could play much longer and more stubborn
than what Khachian did, but with the same result.} Rf8 $6 {Saving himself from
one threat, Black is under a new one.} (25... a5 26. Nb6 Qf7 27. Rxd4 $1 $16) (
25... Rb5 $142 26. Ne5 $16) 26. Nd6 $1 $18 {[%cal Rb4b7] An optimal place for
the knight!} Be5 27. Bxe5 (27. Rxe5 Qxd6 28. Rxd4 Rc1+ 29. Kh2 $18) 27... Rxe5
28. Rxe5 Qxd6 29. Re2 (29. Re2 c5 30. Rb7 $18) 1-0

[Event "RUS-ch qual 57th"]
[Site "St Petersburg"]
[Date "2004.05.23"]
[Round "3"]
[White "Nikolenko, Oleg"]
[Black "Khalifman, Alexander"]
[Result "0-1"]
[WhiteElo "2520"]
[BlackElo "2668"]
[Annotator "Psakhis,L"]
[PlyCount "72"]
[EventDate "2004.05.21"]
[EventType "swiss"]
[EventRounds "9"]
[EventCountry "RUS"]
[SourceTitle "CBM 102"]
[Source "ChessBase"]
[SourceDate "2004.09.23"]
[SourceVersion "1"]
[SourceVersionDate "2004.09.23"]
[SourceQuality "1"]

1. e4 c5 2. Nf3 d6 3. Nc3 Nf6 4. e5 dxe5 5. Nxe5 a6 (5... Nbd7 6. d4 (6. Nc4 g6
7. g3 h5 $5 8. Bg2 h4 9. d3 Bg7 10. Bf4 Nb6 11. Nxb6 Qxb6 12. O-O hxg3 13. hxg3
Bh3 14. Qf3 Bxg2 15. Kxg2 Qxb2 16. Be5 Rd8 17. Rab1 Qxc2 18. Rxb7 O-O $132 {
1/2-1/2 Vedder,H-Blees,A/NED t-ch playoff Enschede 2003/ (26)}) 6... e6 7. Bb5
a6 8. Bxd7+ Nxd7 9. Qh5 Nxe5 10. dxe5 Bd7 11. Bg5 Qc7 12. O-O-O Bc6 13. Rhe1
Be7 14. Rd3 Rd8 15. Rxd8+ Qxd8 16. h4 O-O 17. Rd1 Qc7 18. Bxe7 Qxe7 19. g3 Rd8
$11 {1/2-1/2 Egorov,E-Thorhallsson,T/Bled Olympiad 2002/ (54)}) 6. g3 (6. Be2
g6 7. O-O Bg7 8. Bf3 O-O 9. Re1 Nbd7 10. Nc4 Ne8 11. d3 e6 12. Bf4 Nb6 13. a4
Nd5 14. Bd2 Nxc3 15. Bxc3 Bxc3 16. bxc3 Rb8 17. a5 Nd6 18. Nb6 Qf6 19. c4 Nf5
20. Be4 Kg7 {Timman,J-Evans,L/Amsterdam IBM 1971/1-0 (49)}) 6... Nbd7 (6... Qc7
7. d4 cxd4 8. Qxd4 Nc6 9. Nxc6 Qxc6 10. Bg5 $1 Qxh1 11. O-O-O Bd7 12. Bxf6
O-O-O 13. Be5 f6 14. Nd5 fxe5 15. Qxe5 Qxd5 16. Rxd5 $18 {1-0 Rudd,J-Rose,M/
BCF t-ch2 0304 2004 (26)}) 7. d4 $146 {This is a novelty, but a novelty of
quite low quality.} (7. Nc4 b5 8. Bg2 Rb8 9. Ne3 Bb7 10. O-O Bxg2 11. Kxg2 e6
12. a4 Qb6 13. axb5 axb5 14. Qe2 g6 15. Kg1 Bg7 16. d3 O-O 17. Ng4 Nxg4 18.
Qxg4 Nf6 19. Qh4 b4 20. Na4 Qc6 21. Bh6 Bxh6 {Onatsevich,O-Shershnev,V/Novaya
Ladoga 2001/0-1 (38)}) (7. Nxd7 Bxd7 8. Bg2 Qb6 9. O-O e6 10. d3 Bc6 11. Bxc6+
Qxc6 $11 12. Bf4 Nd5 13. Be5 h5 14. Nxd5 Qxd5 15. f4 h4 16. Qf3 hxg3 17. hxg3
Qxf3 18. Rxf3 O-O-O $11 {Bartel,M-Przybylski,W/POL-ch B14 Poznan 1998/1-0 (50)}
) 7... e6 (7... cxd4 8. Qxd4 Nxe5 9. Qxe5 Qb6 $11) 8. Nxd7 (8. Be3 Qc7 9. f4 b5
$5 10. Bg2 Bb7 {with great game for Black}) 8... Qxd7 $5 {[%cal Gd7c6]} (8...
Bxd7 9. Bg2 Qb6 10. d5 O-O-O {looks very promising too}) 9. Be3 (9. dxc5 Qc6
10. Rg1 Bxc5 $36) 9... Qc6 $1 {Now we can see, that black has succeeded to
solve his opening problems} (9... b6 10. dxc5 Bb7 11. Rg1 Bxc5 12. Bxc5 bxc5
13. Qxd7+ Nxd7 14. O-O-O Ke7 $11) 10. Rg1 Qb6 {[%cal Gb6b2]} 11. Qd2 (11. Rb1
Bd7) (11. Na4 $5 Qa5+ 12. c3 cxd4 (12... Nd5 13. Nxc5 Nxe3 14. fxe3 Bxc5 15.
dxc5 Qxc5 16. Qd4 $14) 13. Bxd4 Nd7 $13) 11... Qxb2 {Looks too risky but has
proved to be all right.} 12. Rb1 $6 (12. Rd1 $5 {[%cal Gd2d8]}) 12... Qa3 13.
Rb3 Qa5 14. dxc5 Bd7 (14... Bxc5 $142 $5 15. Bb5+ $5 Bd7 (15... axb5 16. Bxc5
Bd7 17. Qg5 $36) 16. Bxc5 Bxb5 17. Qg5 Bc6 $5 18. Qxg7 Rg8 19. Qxf6 Qxc5 $17)
15. Ne4 $2 (15. Rxb7 $1 Bxc5 16. Ne4 $1 Qxd2+ 17. Nxd2 Bxe3 18. fxe3 Ke7 $36)
15... Qxd2+ 16. Nxd2 Ng4 (16... Bc6 $5 $15) 17. Bd4 (17. Rxb7 $5 Nxe3 18. fxe3
Bxc5 19. Kf2 $15) 17... e5 $1 18. h3 $6 ({Worth considering} 18. Bb2 $5 Bxc5
19. Ne4 Be7 20. h3 Bc6 $1 $15 {and Black has a material advantage but White
can hope to make draw.}) 18... exd4 19. hxg4 Bxc5 (19... O-O-O 20. Bg2 Re8+ 21.
Kd1 (21. Kf1 Bb5+ $1) 21... Bxg4+ 22. Kc1 Bxc5 23. Bxb7+ Kc7 $17) 20. Rxb7 Bxg4
(20... O-O-O 21. Bxa6) (20... Bc8 $142 $5 21. Rc7 Bb6 22. Rc4 O-O $17) 21. Ne4
(21. Nb3 $142 $5 $15 {and Black must still work hard to convert his initiative
into something real.}) 21... Ba3 22. Bc4 O-O 23. Ng5 $2 (23. Kd2 $5) 23... Bh5
$6 ({A natural development of the initiative can be achieved by sharp} 23...
Rac8 $1 {with possible continuation} 24. Bxf7+ (24. Bb3 d3 $1) 24... Rxf7 25.
Rxf7 (25. Nxf7 Rxc2 $19 {[%csl Ga3,Gc2,Gd4,Re1,Rg1,Gg4]}) 25... d3 $1 $19) 24.
Rh1 Bg6 25. Rh4 (25. Kd2 $5) 25... Rfe8+ 26. Kf1 Be7 $19 {Black's positional
and material advantage is decisive.} 27. f4 (27. Nxf7 Bxf7 28. Rxd4 $19) 27...
Rac8 28. f5 (28. Bxa6 Rxc2) 28... Rxc4 29. Re4 (29. fxg6 fxg6 30. Re4 $140 Rf8+
$1) 29... Bxf5 30. Rexe7 Rxe7 31. Rxe7 g6 $19 32. Nxf7 Kf8 33. Ra7 Rxc2 {
[%csl Gd4]} 34. g4 (34. Ng5 d3 35. Nxh7+ Ke8 36. Nf6+ Kd8 37. Rxa6 Rc1+ 38. Kf2
d2 39. Rd6+ Ke7 40. Rxd2 Kxf6 $19) 34... d3 $5 35. gxf5 Rc1+ 36. Kf2 d2 0-1

[Event "Olympiad-36"]
[Site "Mallorca"]
[Date "2004.10.15"]
[Round "1"]
[White "Oral, Tomas"]
[Black "Davila, Carlos"]
[Result "1-0"]
[WhiteElo "2565"]
[BlackElo "2339"]
[Annotator "Psakhis,L"]
[PlyCount "43"]
[EventDate "2004.10.15"]
[EventType "team-swiss"]
[EventRounds "14"]
[EventCountry "ESP"]
[SourceTitle "CBM 104"]
[Source "ChessBase"]
[SourceDate "2005.01.27"]
[SourceVersion "1"]
[SourceVersionDate "2005.01.27"]
[SourceQuality "1"]
[WhiteTeam "Czech Republic"]
[BlackTeam "Nicaragua"]
[WhiteTeamCountry "CZE"]
[BlackTeamCountry "NCA"]

1. e4 c5 2. Nf3 e6 3. b3 {Oral likes this rare variation and has very good
results choosing this move.} d6 ({Worth considering} 3... b6 4. Bb2 Bb7 {
with interesting possibilities for both sides.}) 4. Bb2 (4. Bb5+ Nd7 5. O-O
Ngf6 6. e5 dxe5 7. Nxe5 Be7 $1 $146 (7... Bd6) 8. Bb2 O-O 9. Qf3 Nxe5 (9... Nd5
$2 10. Bxd7 Bxd7 11. c4) 10. Bxe5 Nd5 (10... Nd7 11. Bb2 Bf6 $11) (10... a6 11.
Bd3 Nd5 12. Qh3 f5 13. Be2 Bf6 14. Bxf6 Qxf6 15. Nc3 $11) 11. Rd1 a6 12. Bf1
Nb4 13. Na3 Nc6 14. Bb2 Nd4 15. Qe4 (15. Bxd4 cxd4 16. Nc4 $15) 15... Bd7 16.
c3 Bc6 17. Qd3 Nf5 18. Qxd8 Rfxd8 {1/2-1/2 Shabanov,Y-Yemelin,V/Saint
Petersburg /ChessBase/[Yemelin,V] (}) 4... Nf6 5. e5 (5. Bb5+ Nbd7 6. Qe2 Be7
7. O-O O-O 8. Bxd7 Bxd7 9. c4 a6 10. d3 b5 11. Nbd2 Qc7 12. e5 dxe5 13. Nxe5
Rad8 14. f4 Bc8 15. Rf3 Ne8 16. Rh3 f6 17. Qh5 h6 18. Ng4 Rf7 19. Ne4 e5 20. f5
Bb7 21. Re1 $36 {1-0 Akopian,V-Mirumian,V/Yerevan ARM-ch 1996/ChessBase (61)})
5... dxe5 6. Nxe5 Bd6 (6... Be7 7. Bd3 {This move clearly shows that White
choose Black Monarch as a main target. If he would desire to give game more
placid character, he would play move like, for example} Nbd7 (7... O-O 8. O-O
Nfd7 9. Qh5 f5 10. Nxd7 Bxd7 11. Re1 Bf6 12. Bxf6 Qxf6 13. Nc3 Nc6 14. Bb5 Rad8
15. Bxc6 Bxc6 16. Rad1 e5 17. Qe2 Rfe8 18. f3 b6 19. Qf2 Re6 20. Ne2 Rde8 21.
d3 g6 22. Ng3 h5 23. Nf1 g5 24. Nd2 g4 25. Re2 R8e7 {1/2-1/2 Velicka,P-Bruzon
Bautista,L/Solsones op 2004/PG (69)}) 8. f4 O-O (8... Qc7 9. O-O b6 10. Qe2 Bb7
11. f5 Nxe5 12. Bxe5 Qd7 13. fxe6 fxe6 14. Bc4 Bd5 15. Bxd5 exd5 16. Bxf6 gxf6
17. Qh5+ Kd8 18. Nc3 d4 19. Nd5 $16 {1-0 Oral,T-Plachetka,J/Moravia t-ch 1997/
ChessBase (22)}) 9. O-O Re8 {This move looks for me too slow, but also after} (
9... g6 10. Qf3 Ne8 11. Na3 Bf6 12. Nac4 Bg7 13. Be4 Nb6 14. Nxb6 Qxb6 15. Nc4
$36 {1/2-1/2 Ivanov,A-Ionescu,C/Berga op 1993 (31) White has a nice game.}) 10.
Na3 {[%cal Ga3c4]} Nb6 {[%csl Rb6][%cal Gb6d5]} 11. c4 $5 Bd7 $146 (11... Nbd7
12. Qf3 Nf8 13. Nc2 N6d7 14. Rae1 f6 15. Ng4 f5 16. Bxf5 $1 $18 {1-0 Pedzich,
D-Protaziuk,G/Polanica Zdroj op 1995 (34)}) 12. Rf3 {[%cal Gf3h3] After not so
successful opening Black got almost hopeless position, White has a strong
attack and there is no counterplay.} Bf8 13. Rh3 $40 {1-0 Oral,T-Navara,D/
CZE-ch Luhacovice 2003/CBM 94/[Psakhis] (23)}) (6... Nbd7 7. f4 Bd6 8. Na3 O-O
9. Nac4 Be7 10. Bd3 Nxe5 11. Nxe5 Qd5 12. Qe2 Qd6 13. c4 b6 14. g4 Bb7 15. Rg1
Nd7 16. g5 f5 17. gxf6 Nxf6 18. O-O-O Rad8 19. Rxg7+ Kxg7 20. Rg1+ {1-0 Sedlak,
N-Tesic,D/Vojvodina t-ch Sombor 2004/}) 7. f4 O-O 8. Bd3 Qe7 $146 (8... Nc6 9.
Nxc6 bxc6 10. O-O Re8 11. Qe2 e5 12. fxe5 Ng4 13. Bxh7+ Kh8 14. Bf5 Bxf5 15.
Rxf5 Bxe5 16. Qxg4 {1-0 Oral,T-Mozny,M/SVK-Cup Trencianske Teplice 2002/The
Week in Chess 387}) (8... Nbd7 $5 9. O-O Nd5 {[%cal Gd7f6]}) 9. O-O Nbd7 10.
Rf3 $5 {[%cal Gf3h3][%mdl 128]} Rd8 {[%cal Gd7f8]} 11. Na3 $1 {[%cal Ga3c4]}
Nf8 (11... Nb6 12. Rh3) 12. Nac4 {[%csl Gb2,Gc4,Gd3,Ge5,Gf3] White has managed
to complete his development and has a significant advantage} Bc7 13. Rh3 (13.
Qe1 $5) 13... Bd7 (13... Nd5 14. Qh5 g6 (14... h6 15. Rg3 $40) 15. Qh6 (15. Ng4
$2 e5 $1) 15... Nf6 16. Re1 {[%cal Ge1e3,Ge3g3]}) 14. Qf3 (14. a4 $5) 14... b5
15. Ne3 Rab8 16. Re1 {[%cal Re3f5]} Ng6 17. Qg3 Be8 (17... Qf8 $8 18. Bxg6 fxg6
(18... hxg6 19. Qh4 Nh5 20. g4) 19. Qh4 {[%cal Ge3g4]}) 18. Nf5 $1 $18 {
A picturesque position, isn't it?!} Qf8 (18... exf5 $5 19. Nxg6 Qxe1+ 20. Qxe1
fxg6) 19. Nxg6 fxg6 (19... hxg6 20. Qh4 Nh5 21. Ne7+ $1 $18) 20. Rxe6 $1 {
Final blow!} Rxd3 (20... gxf5 21. Rxf6) 21. cxd3 Bd7 22. Ne7+ (22. Ne7+ Kf7 23.
Rxf6+ gxf6 24. Rxh7+) 1-0

[Event "ISR-ch"]
[Site "Jerusalem"]
[Date "1996.??.??"]
[Round "1"]
[White "Yudasin, Leonid"]
[Black "Uritzky, Maxim"]
[Result "1-0"]
[WhiteElo "2595"]
[BlackElo "2420"]
[Annotator "Psakhis,L"]
[PlyCount "103"]
[EventDate "1996.10.26"]
[EventType "swiss"]
[EventRounds "9"]
[EventCountry "ISR"]
[SourceTitle "CBM 056"]
[Source "ChessBase"]
[SourceDate "1997.02.01"]
[SourceVersion "1"]
[SourceVersionDate "1997.02.01"]
[SourceQuality "1"]

1. e4 c5 2. Nf3 d6 3. c3 Nf6 4. Bd3 Nc6 5. Bc2 Bg4 6. d3 d5 (6... g6 $5 7. Nbd2
Bg7 8. h3 Bd7 9. O-O O-O 10. Nh2 b5 $10) 7. Nbd2 e6 8. h3 Bh5 9. Qe2 Be7 10.
Nf1 c4 (10... b5 $5 11. Ng3 Bg6 12. O-O O-O 13. Nh4 d4 14. Nxg6 hxg6 $15 {
Boric,M-Ermenkov,E/Pula(JUG-Cup)/1991/0:1/28/}) (10... Qc7 11. Ng3 Bg6 12. O-O
Bd6 13. exd5 Nxd5 14. Ne4 Be7 $10 {Kalod,R-Horvath,M/SVK-ch op/1996/0,5/28/})
11. dxc4 $1 (11. exd5 cxd3 12. Bxd3 Qxd5 13. Ng3 O-O-O 14. Nxh5 Qxd3 15. Qxd3
Rxd3 16. Nxf6 Bxf6 17. Ke2 Rhd8 $10 {Heissler,J-Zeller,F/BL/1996/0,5/52/})
11... dxe4 (11... dxc4 12. g4 Bg6 13. Qxc4 $16) 12. Bxe4 Nxe4 13. Qxe4 Bg6 14.
Qe3 Bd3 $6 (14... O-O 15. N1d2 Qd3 $1 16. Qxd3 (16. Nd4 Nxd4 17. Qxd4 (17. cxd4
Rfd8 $15) 17... Bf6 $36) 16... Bxd3 17. b3 Rfd8 18. Bb2 Rd7 19. O-O-O Rad8 $44)
15. N1d2 Bf6 $6 (15... O-O $5 16. Nd4 e5 $1 17. Qxd3 (17. Nxc6 bxc6 18. Nf3
Bxc4 19. Nxe5 Re8 $1) 17... exd4 18. O-O dxc3 19. Qxc3 $14) 16. Ne4 $1 Bxc4 (
16... Bxe4 17. Qxe4 $16) 17. Qc5 Bd5 (17... Ba6 18. Nd6+ Kf8 19. Nxb7+ (19. Ng5
Bxg5 20. Bxg5 Qb6 21. Nxb7+ Kg8 22. Qxb6 axb6 23. Nd6 Ne5) 19... Qe7 20. Nd6
Rd8 21. Ne4 $16) 18. Nd6+ Kf8 19. Nxb7+ Qe7 20. Bf4 $1 Kg8 (20... e5 21. Be3
$16) (20... Bxf3 21. gxf3 Qxc5 22. Nxc5 Ke7 $16) 21. Nd6 Qc7 (21... Rb8 22.
O-O-O) 22. Ne5 Bxe5 23. Bxe5 Qb6 (23... Qb8 $5 24. O-O-O $5 (24. Bg3 Bxg2 (
24... Qxb2 25. O-O $16) 25. Nc4 Qb7) 24... Nxe5 25. Rxd5 $1 Nd7 (25... exd5 26.
Qxd5 $16) 26. Qb5 exd5 27. Qxd7 Qf8 $8 28. Nf5 $16) 24. Qxb6 axb6 25. Bf4 e5 (
25... Bxg2 26. Rg1 Bxh3 27. Bh6 g6 28. Ne4 f5 29. Ng5 Bg4 30. f3 Bh5 31. Kf2
$16) 26. Be3 Rd8 (26... Bxg2 $5 27. Rh2 (27. Rg1 Bxh3) 27... Bd5 28. Bxb6 Rb8 (
28... Rxa2 29. Rxa2 Bxa2 30. b4 $16) 29. c4 (29. Bc5 Rxb2 30. O-O-O $1 Bf3 31.
Kxb2 Bxd1 32. Rh1 Bf3 33. Ra1 g6 34. a4 $36) 29... Rxb6 30. cxd5 Nb4 31. Nc4)
27. Nf5 g6 $6 (27... Be4 $5 28. Nh4 b5 29. Rd1 Rxd1+ 30. Kxd1 f6) 28. Bg5 $1
Rd7 (28... f6 29. Bxf6) (28... gxf5 29. Bxd8 Nxd8 30. O-O-O $18) (28... Bxg2
29. Rh2 Bf3 30. Bxd8 Nxd8 31. Nd6 $18) 29. Ne3 Kg7 30. O-O-O $18 Be6 31. Rxd7
Bxd7 32. Rd1 Be6 33. Rd6 Rc8 34. Nd5 b5 (34... Bxd5 35. Bf6+ $1 Kh6 36. Rxd5
Nb4 37. Rd6 $18) 35. Bf6+ Kf8 36. Nb6 Rc7 37. b3 $1 h5 38. Kb2 Ke8 39. f3 Ne7 (
39... Bf5 $5) 40. Bxe5 Rc6 41. Rxc6 Nxc6 42. Bf6 Ne7 43. a4 bxa4 44. Nxa4 Nf5
45. Nc5 Bd5 46. c4 Bc6 47. Bg5 f6 48. Bxf6 Ne3 49. Nd3 Nxg2 50. Ne5 Bb7 51. Bg5
h4 52. Kc3 1-0

[Event "Plancoet op-A 10th"]
[Site "Plancoet"]
[Date "2013.07.31"]
[Round "5"]
[White "Tirard, Hugo"]
[Black "Jianu, Vlad Cristian"]
[Result "0-1"]
[WhiteElo "2421"]
[BlackElo "2560"]
[Annotator "RR"]
[PlyCount "77"]
[EventDate "2013.07.28"]
[EventType "swiss"]
[EventRounds "9"]
[EventCountry "FRA"]
[SourceTitle "EXT 2017"]
[Source "ChessBase"]
[SourceDate "2016.10.25"]
[SourceVersion "1"]
[SourceVersionDate "2016.10.25"]
[SourceQuality "1"]
[TimeControl "40/5400+30:1800+30"]

1. e4 c5 2. Nf3 d6 3. Bc4 Nf6 4. d3 (4. c3) (4. e5) 4... Nc6 5. c3 g6 6. O-O
Bg7 7. Bb3 O-O 8. Re1 (8. h3 b5 9. Re1 (9. d4)) 8... b5 9. Nbd2 (9. h3) 9... e5
10. a4 $146 (10. Nf1 d5 11. Bg5 dxe4 12. dxe4 c4 13. Bc2 h6 14. Bxf6 Bxf6 15.
Ne3 Be6 16. Nd5 Rb8 17. Qe2 Bg7 18. Red1 Qc8 19. a4 a6 20. axb5 axb5 21. b3
cxb3 22. Bxb3 Qb7 23. Qe3 Rfc8 {1/2-1/2 (23) Repkova,E (2410)-Simacek,P (2420)
Slovakia 2004}) 10... b4 11. Nc4 h6 12. h3 Rb8 13. Be3 Be6 14. a5 Re8 (14...
Bxc4 15. Bxc4 Nxa5 16. Nd2 bxc3 17. bxc3 Qb6 18. Qa4 $44) 15. Ba4 Qc7 16. cxb4
Rxb4 17. Qc1 Bxc4 18. dxc4 Kh7 (18... Nxe4 19. Bxh6) 19. Nd2 Reb8 $36 {Malgré
la paire de B adverse, le GMI commence à prendre l'initiative} 20. Bb5 Nxa5
21. Ra3 a6 $1 22. Bxa6 Rxb2 23. Qc3 R2b4 24. Bb5 Nc6 25. Ra6 Rb6 26. Rxb6 Qxb6
$15 27. Ra1 Nd4 {[%csl Gd4]} 28. Bxd4 exd4 29. Qd3 Qc7 30. Ra6 Rb2 31. Nf3 Qe7
(31... Qb7 {[%csl Re4]} 32. Rxd6 Nxe4) 32. Bc6 Rb4 33. Nd2 Nh5 34. Nf3 Rb2 (
34... Nf4) 35. Ra1 Nf4 36. Qa3 d3 $19 37. Rd1 Re2 38. Kf1 Rc2 39. Qb3 0-1

[Event "Rohde op 07th"]
[Site "Sautron"]
[Date "2007.10.31"]
[Round "6"]
[White "Shirazi, Kamran"]
[Black "Bedouin, Xavier"]
[Result "1-0"]
[WhiteElo "2408"]
[BlackElo "2342"]
[Annotator "RR"]
[PlyCount "89"]
[EventDate "2007.10.27"]
[EventType "swiss"]
[EventRounds "9"]
[EventCountry "FRA"]
[SourceTitle "EXT 2008"]
[Source "ChessBase"]
[SourceDate "2007.11.25"]
[SourceVersion "1"]
[SourceVersionDate "2007.11.25"]
[SourceQuality "1"]

1. e4 c5 2. Nf3 Nc6 3. g3 g6 4. Bg2 Bg7 5. O-O e5 $1 {[%csl Gd4][%cal Gg8e7,
Ge8g8]} 6. c3 (6. Nc3 {Mène а la sicilienne fermée}) 6... Nge7 7. Na3 (7. d3 {
La grande ligne} d6 8. a3 O-O 9. b4 h6) 7... O-O (7... d6 8. d3 O-O 9. Be3 h6)
8. Nc2 (8. d3) 8... d6 9. d4 exd4 10. cxd4 Bg4 11. d5 Ne5 12. Ne3 Bxf3 13. Bxf3
Nxf3+ 14. Qxf3 f5 $146 ({RR} 14... Qd7 15. a4 f5 16. Nc4 Rae8 17. Ra3 Nc8 18.
exf5 Qxf5 19. Qxf5 Rxf5 20. Re3 Kf7 21. Rxe8 Kxe8 22. Ne3 Re5 23. b3 Re4 24.
Bd2 Bd4 25. Nc4 Kd7 26. Kg2 Re8 27. Be3 Bg7 28. Kf3 Ne7 29. Rd1 {Ulko,J (2472)
-Grebionkin,V (2423)/Voronezh 2004/EXT 2005/1-0 (53)}) 15. a4 fxe4 16. Qxe4 Nf5
{[%csl Re6][%cal Gf5d4]} 17. Rb1 (17. Nc4) 17... Qd7 18. b4 Rfe8 19. Qg4 b6 20.
Bb2 Bxb2 21. Rxb2 Qg7 22. Nc4 cxb4 23. Rxb4 Rac8 24. Nd2 Rc5 {[%csl Rd5]} 25.
Re4 {Comme souvent SHIRAZI n'a pas obtenu grand-chose de l'ouverture mais
c'est souvent а ce moment qu'il devient dangereux.} Rxe4 26. Nxe4 Rc2 {[%cal
Gc2a2]} 27. a5 $1 b5 {[%csl Gb5][%cal Ga7a6]} 28. a6 $1 {[%csl Rb5]} (28. Re1
a6) 28... Qe5 29. Re1 Rc4 30. Kf1 Qd4 (30... Ra4) (30... Qxd5 31. Qxg6+ $3 {
[%cal Ge4f6,Gf6g8,Gf6d5]}) 31. Qf4 Qe5 32. Qf3 Rc8 33. g4 Nd4 34. Qh3 g5 $2 35.
Qh6 {[%csl Rf6,Rg5]} Rf8 36. Nxg5 Qg7 37. Qxg7+ Kxg7 38. Ne6+ Nxe6 39. Rxe6 $18
{[%cal Ge6d6]} Rf7 40. Rxd6 b4 41. Rd8 Kf6 42. Rb8 Ke5 43. Rxb4 Rf6 44. Rb7
Rxa6 45. Rxh7 1-0

[Event "Rohde op 06th"]
[Site "Sautron"]
[Date "2006.11.02"]
[Round "7"]
[White "Bedouin, Xavier"]
[Black "Shchekachev, Andrei"]
[Result "1/2-1/2"]
[WhiteElo "2342"]
[BlackElo "2561"]
[Annotator "RR"]
[PlyCount "84"]
[EventDate "2006.10.28"]
[EventType "swiss"]
[EventRounds "9"]
[EventCountry "FRA"]
[SourceTitle "EXT 2007"]
[Source "ChessBase"]
[SourceDate "2006.11.23"]
[SourceVersion "1"]
[SourceVersionDate "2006.11.23"]
[SourceQuality "1"]

1. e4 c5 2. Nf3 d6 3. c3 (3. Bc4 {Bitansky,I (2366)-Colovic,A (2459) Rohde op
6th 2006 (2.4) 0-1}) 3... Nf6 4. Be2 g6 5. O-O Bg7 6. Bb5+ Bd7 (6... Nc6 7. Re1
O-O) 7. Bxd7+ Nfxd7 {une idée assez artificielle} 8. d4 O-O 9. Be3 Nc6 10. Nbd2
(10. Re1 Rb8 {[%cal Gb7b5,Gb5b4]}) 10... cxd4 $1 {le GMI attend la sortie du
Nbd2 pour ouvrir la colonne "c" et empêcher Nc3} 11. cxd4 Qa5 12. a3 Rfc8 13.
Qb3 $146 ({RR} 13. Rc1 Qa6 14. h3 Nb6 15. d5 Ne5 16. Nxe5 Bxe5 17. Bxb6 axb6
18. Qb3 b5 19. Rc2 Rxc2 20. Qxc2 Qa4 21. Rc1 Qxc2 22. Rxc2 b4 23. Rc7 bxa3 24.
bxa3 b5 25. Nb1 Ra4 26. f3 Rc4 27. Rc6 Kf8 {Kuang Yinghui (2199)-Wang Pin 
(2506)/Suzhou 2001/EXT 2002/0-1 (40)}) 13... Nb6 14. Rfd1 (14. d5 Ne5 {[%cal
Ge5c4]}) 14... Qa6 $1 {[%csl Rc4][%cal Gc6a5,Ga5c4]} 15. Rac1 Na5 16. Qb4 Nc6 (
16... Nac4 17. Bg5 Kf8) 17. Qb3 e6 18. h3 d5 $11 {[%csl Gc4][%cal Gc6a5,Ga5c4]}
19. e5 Na5 20. Qa2 Nac4 21. Nxc4 Nxc4 22. Nd2 $6 Nxe3 23. fxe3 Rxc1 24. Rxc1
Qd3 25. Nf1 f6 (25... Rf8 {[%cal Gf7f6]}) 26. exf6 Bxf6 27. Rc3 Qe2 28. Qb3 Rf8
29. Qc2 Qe1 30. Qc1 Qxc1 31. Rxc1 e5 32. dxe5 Bxe5 33. Rd1 Bxb2 34. Rxd5 Bxa3
35. Ra5 Bd6 36. Rxa7 b5 (36... b6 $1 {[%cal Gd6c5]} 37. Rb7 Bc5 {Le B soutenu
par le P serait trés fort}) 37. Rd7 Bc5 38. Rb7 (38. Rd5 Rf5) 38... b4 39. g4
Rf6 40. Rb5 Bf8 41. Nd2 Rd6 42. Nf3 Rc6 1/2-1/2